| 000 | 00470ntaaa2200181 4500 | ||
|---|---|---|---|
| 003 | 01 | ||
| 005 | 20251027202930.0 | ||
| 008 | 0714s1973 ag 01 | ||
| 040 |
_aAR-BaBN _bspa _cAR-BaBN _eaacr _dRIC |
||
| 082 | _a922.6000 Sa4m | ||
| 100 |
_aSampey, John Richard _910982 |
||
| 245 | _aMemoirs of John R Sampey ... | ||
| 250 | _a1 ed. | ||
| 260 |
_aNashville : _bBroadman Press, _cc1947 |
||
| 300 | _a286 p | ||
| 650 |
_aSeminario Bautista-Louisville _98671 |
||
| 942 | _cBK | ||
| 999 |
_c24592 _d24592 |
||